ՀՀ Գիտությունների ազգային ակադեմիայի հիմնարար գիտական գրադարան  =   Fundamental Scientific Library of NAS RA

Ծրագիր մեծահասակների կիսագրագիտության վերացման դպրոցների : (Record no. 199381)

MARC details
000 -LEADER
fixed length control field 00887nam a2200193 u 4500
003 - CONTROL NUMBER IDENTIFIER
control field AM-YeHGA
005 - DATE AND TIME OF LATEST TRANSACTION
control field 20250618072927.0
008 - FIXED-LENGTH DATA ELEMENTS--GENERAL INFORMATION
fixed length control field 070511s1937 ai r 000 0 arm d
040 ## - CATALOGING SOURCE
Original cataloging agency AM-YeHGA
041 0# - LANGUAGE CODE
Language code of text/sound track or separate title arm
090 ## - LOCALLY ASSIGNED LC-TYPE CALL NUMBER (OCLC); LOCAL CALL NUMBER (RLIN)
-- 200865
245 00 - TITLE STATEMENT
Title Ծրագիր մեծահասակների կիսագրագիտության վերացման դպրոցների :
Remainder of title Հայոց լեզու : Թվաբանություն : Աշխարհագրություն /
Statement of responsibility, etc. ՀԽՍՀ Լուսժողկոմատ; Մեծահասակների ուսուցման վարչ.
260 ## - PUBLICATION, DISTRIBUTION, ETC.
Place of publication, distribution, etc. Յերևան :
Name of publisher, distributor, etc. Պետական հրատ.,
Date of publication, distribution, etc. 1937.
300 ## - PHYSICAL DESCRIPTION
Extent 25 էջ.
650 14 - SUBJECT ADDED ENTRY--TOPICAL TERM
Topical term or geographic name entry element Կրթական ծրագիր
650 14 - SUBJECT ADDED ENTRY--TOPICAL TERM
Topical term or geographic name entry element ԱՆգրագիտության վերացում
9 (RLIN) 5555
856 4# - ELECTRONIC LOCATION AND ACCESS
Uniform Resource Identifier <a href="http://greenstone.flib.sci.am/gsdl/collect/opac/books/Mec-kisagragit-verac.pdf">http://greenstone.flib.sci.am/gsdl/collect/opac/books/Mec-kisagragit-verac.pdf</a>
Link text Կարդալ առցանց
Public note
942 ## - ADDED ENTRY ELEMENTS (KOHA)
Source of classification or shelving scheme Universal Decimal Classification
Koha item type Գրքեր / Books
Holdings
Withdrawn status Lost status Damaged status Not for loan Collection Home library Current library Date acquired Total checkouts Full call number Barcode Date last seen Price effective from Koha item type Public note
        General Fundamental Scientific Library Fundamental Scientific Library 28/12/2016   AII/23084 FL0004460 28/12/2016 28/12/2016 Գրքեր / Books 30 Days Loan


ՀՀ ԳԱԱ հիմնարար գիտական գրադարան
ՀՀ,Երևան 0019
Մարշալ Բաղրամյան 24/6
հեռախոս:(374-10) 52-47-50
Հետադարձ կապ

All site content, except where otherwise noted, is licensed under a
Creative Commons License